LEADER 01392nam a2200313 i 4500 001 991000408219707536 005 20020503180229.0 008 971105s1988 it ita 020 $a8815019456 035 $ab10073292-39ule_inst 035 $aLE02515473$9ExL 040 $aFac. Economia$bita 082 0 $a332.10945 245 00$aBanca e mercato :$briflessioni su evoluzione e prospettive dell'industria bancaria in Italia /$cricerca promossa da Banca commerciale italiana ; coordinata da Francesco Cesarini... [et al.] ; introduzione di Vittorio Conti, Mario Noera 260 $aBologna :$bIl Mulino,$cc1988 300 $a833 p. ;$c22 cm 490 0 $aStudi e ricerche [Il mulino] ;$v245 650 4$aBanche$zItalia$y1975-1985 700 1 $aCesarini, Francesco 700 1 $aConti, Vittorio 700 1 $aNoera, Mario 710 2 $aBanca Commerciale Italiana$eauthor$4http://id.loc.gov/vocabulary/relators/aut$0375079 907 $a.b10073292$b19-04-18$c27-06-02 912 $a991000408219707536 945 $aLE025 ECO 332.1 CES01.04$g1$i2025000153103$lle025$o-$pE40.00$q-$rl$s- $t0$u0$v0$w0$x0$y.i14235080$z12-05-06 945 $aLE025 ECO 332.1 CES01.04$g2$i2025000034105$lle025$nCatalogato 2018$o-$pE0.00$q-$rl$s- $t0$u1$v0$w1$x0$y.i10082724$z27-06-02 996 $aBanca e mercato$9195082 997 $aUNISALENTO 998 $ale025$b01-01-97$cm$da $e-$fita$git $h0$i1